00389nam a2200169Ia 4500003000400000008004100004040001600045082001300061100001900074245003100093700001700124260003300141300001100174650000900185650001000194650001500204GCL140319s9999 xx 000 0 eng d aGCL / cGCL04a759bK U1 aKIBUCHI, SADAO10aUTAMARO / cKIBUCHI, SADAO1 aFRASER, MGRA a[S.N] : bHAIKUSHA ، c1992 a128 PP04aARTS04aJAPAN04aART, JAPAN